[Event "Zaragoza Otono op 1st"]
[Site "Zaragoza"]
[Date "2013.11.03"]
[Round "4"]
[White "Calvo Rodriguez, Jose Angel"]
[Black "Ruperez Benito, Yaiza"]
[Result "1-0"]
[WhiteElo "1526"]
[BlackElo "1524"]
[PlyCount "68"]
[EventDate "2013.10.27"]
[EventType "swiss"]
[EventRounds "6"]
[EventCountry "ESP"]
[SourceTitle "EXT 2015"]
[Source "ChessBase"]
[SourceDate "2014.11.20"]
[SourceVersion "1"]
[SourceVersionDate "2014.11.20"]
[SourceQuality "1"]

1. c4 e6 2. g3 d5 3. Bg2 Nf6 4. e3 Nbd7 5. cxd5 exd5 6. Nc3 Ne5 7. d4 Nc6 8. a3 Be6 9. Nge2 Be7 10. 0-0 0-0 11. h3 Qd7 12. Kh2 Bd6 13. Nb5 Be7 14. Nf4 a6 15. Nc3 Bf5 16. Ncxd5 Nxd5 17. Nxd5 Bd6 18. e4 Be6 19. e5 Be7 20. Nxe7+ Nxe7 21. Be3 Rad8 22. Bg5 Qe8 23. Qd2 c5 24. Bxb7 Rxd4 25. Qa5 Ra4 26. Qxc5 Qd7 27. Bxe7 Re8 28. Bc6 Qxe7 29. Qxe7 Rxe7 30. Bxa4 Bc4 31. Rfc1 Be6 32. Rd1 g6 33. f4 Bf5 34. Rd6 Rb7 1-0